000 00616nam a2200241Ia 4500
003 OSt
005 20220912152358.0
006 a|||||r|||| 00| 0
007 ta
008 220909b |||||||| |||| 00| 0 eng d
024 _a51009
037 _cTextual
040 _aCSL
_beng
_cCSL
041 _aeng
082 _aI31:12.24, F9.2-;1
100 _aKashyap Shiv Ram
245 0 _aLiverworts of the Western Himalayas and the Punjab plain
260 _c1929
300 _ap.
_ccm.
650 _aBotany
942 _hI31:12.24, F9.2-;1
_cTEXL
_2CC
999 _c84620
_d84620